000 01008cam a2200313 a 4500
001 4471935
003 OSt
005 20140310181629.0
008 960712r1997 miu 001 0 eng
010 _a 96033123
020 _a082544098X (p)
040 _aDLC
_cDLC
_dDLC
050 0 0 _aPN 6084
_b.Z94 1997
082 0 0 _aTR 082
_220
_bZ8 1997
245 0 4 _aThe speaker's quote book :
_bover 4,500 illustrations and quotations for all occasions /
_cRoy B. Zuck.
246 3 _aSpeaker's quotebook
260 _aGrand Rapids, MI :
_bKregel Publications,
_cc1997.
300 _a438 p. :
_c23 cm.
500 _aIncludes index.
520 _a1. Quotations.
521 _aFaculty
541 _j1
562 _e1
650 0 _aQuotations.
700 1 _aZuck, Roy B.
906 _a7
_bcbc
_corignew
_d1
_eocip
_f19
_gy-gencatlg
942 _2lcc
_cBK-TR
_kTR
999 _c441
_d441